| 000 | 00456nam a22001577a 4500 | ||
|---|---|---|---|
| 999 |
_c17617 _d17617 |
||
| 008 | 190509b xxu||||| |||| 00| 0 eng d | ||
| 020 | _a8182202139 | ||
| 040 |
_aKABU _cKABU |
||
| 050 |
_aP92 _b.M37 2008 c. 1 |
||
| 100 | _aMartin, Paul | ||
| 245 |
_aVisual communications _cPaul Martin |
||
| 260 |
_aNew delhi _bGlobal Vision Publishing House _c2008 |
||
| 300 | _a(xi), 379 p. | ||
| 650 |
_aCommunication _xAudio-Visual aids |
||
| 942 |
_2lcc _cBK _hP92 |
||